000 00482 a2200169 4500
999 _c5381
_d5381
010 _aENG-86849
020 _a8178234149
_c32.00
035 _aEN-70382
037 _bDBAD / PUB
082 1 4 _a181.45
100 1 _aRamakrishnananda
245 1 _aSearch after happiness /
_cby Ramakrishnananda
260 _aChennai
_bSri Ramakrishna Math
_c2006
270 _aMylapore, Chennai-4
_cT.N.
_bChennai
300 _a195p
_b22cm (pbk)
942 _adpl
_cEN
_2ddc
_h181.45
_mRAM